000 00671cam a22002293a 4500
001 17712
003 PGUSA
005 20140828083358.0
008 060207s2006||||xxu|||||s|||||000 | eng d
040 _aPGUSA
_beng
042 _adc
050 4 _aQB
100 1 _aElger, Thomas Gwyn,
_d1838-1897
245 1 4 _aThe Moon :
_bA Full Description and Map of its Principal Physical Features
_h[electronic resource] /
_cThomas Gwyn Elger
260 _bProject Gutenberg,
_c2006
506 _aPublic domain in the USA.
516 _aElectronic text
653 _aMoon
830 0 _aProject Gutenberg
_v17712
856 4 0 _uhttp://www.gutenberg.org/ebooks/17712
942 _cEB
999 _c246967
_d246967